| 000 | 00656nam a2200217Ii 4500 | ||
|---|---|---|---|
| 003 | JO-AjNU | ||
| 008 | 230606s9999||||xx |||||||||||||| ||und|| | ||
| 020 | _a0-03-003386-1 | ||
| 040 |
_aJO-AjNU _beng _erda _cJO-AjNU |
||
| 041 | _aeng | ||
| 050 | 1 | 4 | _aPE1429.W54 1973 |
| 100 | 3 |
_aWills, Hulon, _eauthor _95582 |
|
| 245 | 0 | 0 | _aStructure Style, and Usage: Rhetoic and Reasoning |
| 250 | _a3 ed | ||
| 264 | 3 | 1 | _aNEW YORK: HOLTk RINEHARTAND WINSTON, 1973 |
| 300 | _a445P | ||
| 336 |
_atext _btxt _2rdacontent |
||
| 337 |
_aunmediated _bn _2rdamedia |
||
| 338 |
_avolume _bnc _2rdacarrier |
||
| 650 | 4 |
_aEnglish - Rhetoric - English Language - Usage _95583 |
|
| 999 |
_aE2889 _c2887 _d2887 |
||